Word Ladder: Cancelled School Quiz Stats

 Plays Quiz Updated Dec 2, 2017

Challenge
Share
Tweet
Embed
Score 0/24 Timer 03:00
2 Plays Today
Clue 4-Letter Word % Correct
Like a turtle's speedSLOW
99.3%
• Frozen precipitation • • SNOW •
98.6%
What you do at churchPRAY
96.6%
• Have fun in the snow • • PLAY •
94.3%
Clarkson's 'Since U ___ Gone'BEEN
92.9%
One older than 12 younger than 20TEEN
92.4%
This, ____ or the other thingTHAT
91.7%
• Snowfall measurement, inches or ____ • FEET •
91.2%
Veggie used in red velvet cakeBEET
90%
• A snow day's worst enemy • • PLOW •
88.6%
At that timeTHEN
88.1%
• Become a puddle • • MELT •
86.4%
Clue 4-Letter Word % Correct
Cunning planPLOY
85.7%
Crafting materialFELT
85%
A place to visit SantaMALL
84.2%
Comparative wordTHAN
83.1%
LettersMAIL
80.1%
Whopper centerMALT
79.3%
• Icy weather phenomenon • • HAIL •
79.2%
Foolish personPRAT
76.4%
Old-school term for coolPHAT
75%
Charlie, the fictional detectiveCHAN
72.2%
• Spring ____ • THAW •
71%
To masticate without swallowingCHAW
65.4%

Today's Daily Dose

You're not logged in!

Compare scores with friends on all Sporcle quizzes.
Join for Free
OR
Log In

You Might Also Like...

Show Comments

Extras

Top Quizzes Today


Score Distribution

Your Account Isn't Verified!

In order to create a playlist on Sporcle, you need to verify the email address you used during registration. Go to your Sporcle Settings to finish the process.

Report this User

Report this user for behavior that violates our Community Guidelines.

Details: